000 00329nam a2200133 i 4500
001 bg
100 1 _aKOWAL, Zbigniew
245 0 _aStruktury przestrzenne z węzłami tłoczonymi /
_cZbigniew Kowal.
260 _aWrocław,
_c1975.
040 _cBPK
041 _apol
942 _cKS
008 s pl f |000 0 pol
999 _c16150
_d16150
856 _uhttp://koha.tu.koszalin.pl/cgi-bin/koha/opac-detail.pl?biblionumber=16150
_yKatalog online BPK